Data Science For Business (Record no. 96236)

MARC details
000 -LEADER
fixed length control field 00579nam a2200229Ia 4500
005 - DATE AND TIME OF LATEST TRANSACTION
control field 20230502183408.0
008 - FIXED-LENGTH DATA ELEMENTS--GENERAL INFORMATION
fixed length control field 230125s9999 xx 000 0 und d
020 ## - INTERNATIONAL STANDARD BOOK NUMBER
International Standard Book Number 9789351102670
041 ## - LANGUAGE CODE
Language code of text/sound track or separate title eng
082 ## - DEWEY DECIMAL CLASSIFICATION NUMBER
Classification number 004.1
Item number PRO
100 ## - MAIN ENTRY--PERSONAL NAME
Author Provost F
245 ## - TITLE STATEMENT
Title Data Science For Business
250 ## - EDITION STATEMENT
Edition statement 1st Ed.
260 ## - PUBLICATION, DISTRIBUTION, ETC.
Date of publication, distribution, etc. 2019
Name of publisher, distributor, etc. Shroff publisher and distributors
Place of publication, distribution, etc. Mumbai
300 ## - PHYSICAL DESCRIPTION
Extent 384p
500 ## - GENERAL NOTE
Keywords Data Analytics<br/>
650 ## - SUBJECT ADDED ENTRY--TOPICAL TERM
Topical term or geographic name entry element Data Analytics
700 ## - ADDED ENTRY--PERSONAL NAME
Personal name Provost F & Fawcett T
942 ## - ADDED ENTRY ELEMENTS (KOHA)
Koha item type Books
906 ## - LOCAL DATA ELEMENT F, LDF (RLIN)
b 266
Holdings
Withdrawn status Lost status Damaged status Not for loan Home library Current library Date acquired Vendor Net Price Bill number Total Checkouts Full call number Barcode Date last seen Actual Price Bill Date Koha item type Original Barcode
        Smt. Hiraben Nanavati Institute of Management & Research for Women Smt. Hiraben Nanavati Institute of Management & Research for Women 07/01/2020 Forward Books 950.00 11164   004.1 PRO B19499 HIMR-BK-19499 25/01/2023 684.00 25/01/2023 Books B19499
        Smt. Hiraben Nanavati Institute of Management & Research for Women Smt. Hiraben Nanavati Institute of Management & Research for Women 29/02/2020 Forward Books 950.00 11222   004.1 PRO B20101 HIMR-BK-20101 25/01/2023 684.00 25/01/2023 Books B20101
        Smt. Hiraben Nanavati Institute of Management & Research for Women Smt. Hiraben Nanavati Institute of Management & Research for Women 29/02/2020 Forward Books 950.00 11222   004.1 PRO B20102 HIMR-BK-20102 25/01/2023 684.00 25/01/2023 Books B20102
        Smt. Hiraben Nanavati Institute of Management & Research for Women Smt. Hiraben Nanavati Institute of Management & Research for Women 29/02/2020 Forward Books 950.00 11222   004.1 PRO B20107 HIMR-BK-20107 25/01/2023 684.00 25/01/2023 Books B20107
        Smt. Hiraben Nanavati Institute of Management & Research for Women Smt. Hiraben Nanavati Institute of Management & Research for Women 29/02/2020 Forward Books 950.00 11222   004.1 PRO B20103 HIMR-BK-20103 25/01/2023 684.00 25/01/2023 Books B20103
        Smt. Hiraben Nanavati Institute of Management & Research for Women Smt. Hiraben Nanavati Institute of Management & Research for Women 29/02/2020 Forward Books 950.00 11222   004.1 PRO B20104 HIMR-BK-20104 25/01/2023 684.00 25/01/2023 Books B20104
        Smt. Hiraben Nanavati Institute of Management & Research for Women Smt. Hiraben Nanavati Institute of Management & Research for Women 29/02/2020 Forward Books 950.00 11222   004.1 PRO B20105 HIMR-BK-20105 25/01/2023 684.00 25/01/2023 Books B20105
        Smt. Hiraben Nanavati Institute of Management & Research for Women Smt. Hiraben Nanavati Institute of Management & Research for Women 29/02/2020 Forward Books 950.00 11222   004.1 PRO B20106 HIMR-BK-20106 25/01/2023 684.00 25/01/2023 Books B20106
        Smt. Hiraben Nanavati Institute of Management & Research for Women Smt. Hiraben Nanavati Institute of Management & Research for Women 29/02/2020 Forward Books 950.00 11222   004.1 PRO B20108 HIMR-BK-20108 25/01/2023 684.00 25/01/2023 Books B20108
        Smt. Hiraben Nanavati Institute of Management & Research for Women Smt. Hiraben Nanavati Institute of Management & Research for Women 29/02/2020 Forward Books 950.00 11222   004.1 PRO B20109 HIMR-BK-20109 25/01/2023 684.00 25/01/2023 Books B20109
      Reference Smt. Hiraben Nanavati Institute of Management & Research for Women Smt. Hiraben Nanavati Institute of Management & Research for Women 29/02/2020 Forward Books 950.00 11222   004.1 PRO B20110 HIMR-BK-20110 25/01/2023 684.00 25/01/2023 Books B20110